Interacción académica y demandas cognoscitivas/

Se parte del principio general de que las demandas académicas que en un contexto de enseñanza plantean a sus estudiantes, están, inscritas en una red de relaciones de intercambios entre profesores y alumnos, red que participa de los arreglos institucionales y organizacionales en que tiene lugar ese...

Cur síos iomlán

Sábháilte in:
Sonraí bibleagrafaíochta
Príomhchruthaitheoir: González Ortega, Alfonso
Formáid: LEABHAR
Teanga:Spanish
Foilsithe / Cruthaithe: San José, C.R.: Editorial de la UCR
Ábhair:
Clibeanna: Cuir clib leis
Níl clibeanna ann, Bí ar an gcéad duine le clib a chur leis an taifead seo!

MARC

LEADER 00000nam a22000007a 4500
003 cru CIDCACS/IIS
005 20231020062558.0
007 ta
008 200715s1989 cr |||p|r||||||0| ||spa|d
040 |c cru CIDCACS/IIS 
100 1 |9 9427  |a González Ortega, Alfonso 
245 1 |a Interacción académica y demandas cognoscitivas/  |c Alfonso González Ortega 
260 |a San José, C.R.:  |b Editorial de la UCR 
300 |a 74 páginas  |b tablas 
520 |a Se parte del principio general de que las demandas académicas que en un contexto de enseñanza plantean a sus estudiantes, están, inscritas en una red de relaciones de intercambios entre profesores y alumnos, red que participa de los arreglos institucionales y organizacionales en que tiene lugar ese proceso de enseñanza. El primer capítulo trata sobre los resultados alcanzados al aplicar el Sistema Modificado de Flanders (SMF), a las carreras de Psicología e Historia, en la cual se investiga la estructura verbal de la participación del estudiante. El segundo capítulo, enfoca la confiabilidad en la medición al emplear el SMF. El tercero, analiza la conducta verbal del docente, aceptación de sentimientos, estimulación y reforzamiento, estructuración administrativo académico, criterios para el análisis de los episodios y conducta verbal del estudiante. A lo largo de todo el trabajo se complementa con cuadros estadísticos. OB/JM 
650 0 |9 1831  |a ENSEÑANZA SUPERIOR 
650 0 |9 3386  |a DOCENTES 
650 0 |9 5477  |a INVESTIGACION EDUCATIVA 
650 0 |9 4359  |a ESTUDIANTES 
650 0 |9 136  |a HISTORIA 
650 0 |a PSICOLOGIA  |9 3105 
650 0 |9 1426  |a ASPECTOS PSICOLOGICOS 
650 0 |9 5477  |a INVESTIGACION EDUCATIVA 
773 0 |0 18811  |9 3269  |a Universidad de Costa Rica. Instituto de Investigaciones en Psicología  |d San José, C.R.: Editorial de la UCR  |o 06957  |t Actualidades en Psicología / 
942 |2 ddc  |c PP 
999 |c 43246  |d 43246